header

Governing the heroin trade (Record no. 38214)

MARC details
000 -LEADER
fixed length control field 01477nam a2200385 a 4500
082 04 - DEWEY DECIMAL CLASSIFICATION NUMBER
Classification number 363.45
100 1# - MAIN ENTRY--AUTHOR NAME
Personal name Bull, Melissa,
245 10 - TITLE STATEMENT
Title Governing the heroin trade
260 ## - PUBLICATION, DISTRIBUTION, ETC. (IMPRINT)
Place of publication Aldershot, England ;
-- Burlington, Vt. :
Name of publisher Ashgate,
Year of publication c2008.
300 ## - PHYSICAL DESCRIPTION
Number of Pages vi, 195 p.
490 1# - SERIES STATEMENT
Series statement Law, ethics and governance series
650 #0 - SUBJECT ADDED ENTRY--TOPICAL TERM
Topical Term Heroin industry
Topical Term Opium trade
Topical Term Drug control
856 40 - ELECTRONIC LOCATION AND ACCESS
Uniform Resource Identifier http://site.ebrary.com/lib/rucke/Doc?id=10234636

No items available.

© 2026 Rongo University
Contact us: librarian | system librarian | Rongo university